Enhanced Nonlinear Control of Multi-Source Direct Current Microgrid Systems using Optimized Advanced Variants of Sliding Mode Control / (Record no. 603408)
[ view plain ]
| 000 -LEADER | |
|---|---|
| fixed length control field | 00563nam a22001577a 4500 |
| 082 ## - DEWEY DECIMAL CLASSIFICATION NUMBER | |
| Classification number | 621.3 |
| Author Mark | SYE |
| 100 ## - MAIN ENTRY--PERSONAL NAME | |
| Personal name | Syed, Abu Baker Mansoor (364600) |
| 245 ## - TITLE STATEMENT | |
| Title | Enhanced Nonlinear Control of Multi-Source Direct Current Microgrid Systems using Optimized Advanced Variants of Sliding Mode Control / |
| Statement of responsibility, etc. | Abu Baker Mansoor Syed |
| 264 ## - PRODUCTION, PUBLICATION, DISTRIBUTION, MANUFACTURE, AND COPYRIGHT NOTICE | |
| Place of production, publication, distribution, manufacture | Islamabad : |
| Name of producer, publisher, distributor, manufacturer | USPCAS-E, NUST, |
| Date of production, publication, distribution, manufacture, or copyright notice | August, 2023. |
| 300 ## - PHYSICAL DESCRIPTION | |
| Extent | xii, 94 p. |
| Accompanying material | +CD |
| 520 ## - SUMMARY, ETC. | |
| Summary, etc. | TH-523 |
| 650 ## - SUBJECT ADDED ENTRY--TOPICAL TERM | |
| Topical term or geographic name entry element | MS-EEP Thesis |
| 650 ## - SUBJECT ADDED ENTRY--TOPICAL TERM | |
| Topical term or geographic name entry element | MS Thesis |
| 700 ## - ADDED ENTRY--PERSONAL NAME | |
| Personal name | Dr. Iftikhar Ahmad |
| 942 ## - ADDED ENTRY ELEMENTS (KOHA) | |
| Source of classification or shelving scheme | |
| Koha item type | Thesis |
| Withdrawn status | Permanent Location | Current Location | Date acquired | Full call number | Barcode | Koha item type |
|---|---|---|---|---|---|---|
| US-Pakistan Center for Advanced Studies in Energy (USPCAS-E) | US-Pakistan Center for Advanced Studies in Energy (USPCAS-E) | 10/11/2023 | 621.3 SYE | CAS-ETH0000523 | Thesis |
